Score 0/36 Timer 06:00
1 Play Today
Hint Answer % Correct
The Ministry of _____Magic
94.9%
Hogwarts School of ______ and WizardryWitchcraft
93%
Diagon ______Alley
89.6%
The Forbidden ______Forest
89.3%
Number _ Privet Drive4
89.2%
The Room of ______Requirement
85.7%
The _____ BroomsticksThree
85.2%
The Hog's _____Head
84.6%
Malfoy _____Manor
83.9%
________ Wizarding BankGringotts
82.2%
The _____ CauldronLeaky
82%
Slytherin ______ RoomCommon
81.1%
Godric's ____Hollow
80.4%
______'s HutHagrid
75.8%
The ______ Under the StairsCupboard
74.7%
______ WhingingLittle
70.4%
The _____________ ShackShrieking
70.2%
The _______ PitchQuidditch
69.4%
Hint Answer % Correct
Borgin and _____'sBurke
67.5%
Number 12 ______ PlaceGrimmauld
64.8%
Beauxbatons ________Academy
61.6%
Weasley's Wizard _______Wheezes
60.5%
The ____ and Go RoomCome
60%
The ____ LakeBlack
56.9%
______ and BlottsFlourish
56.2%
Madam ______'s Robes For All OccasionsMalkin
55.8%
Shell ________Cottage
54.3%
________ SweetshopHoneydukes
48.4%
______ St. CatchpoleOttery
39.3%
______'s EndSpinner
37.1%
The _____ TombWhite
36.1%
Graveyard in Little ________ Hangleton
33.9%
_________ MenagerieMagical
31.9%
_____ Quidditch SuppliesQuality
30.6%
______ Owl EmporiumEeylop's
28.1%
_______ and BangesDervish
22%

Today's Daily Dose

Missing Word
I Hardly Know Her!

Word Ladder
Sentence Ending

Quick Pick
Female Firsts

Get the Picture
Triathlon Sports

Remove Ads.
Support Sporcle.
Get the best of Sporcle when you Go Orange. This ad-free experience offers more features, more stats, and more fun while also helping to support Sporcle. Thank you for becoming a member.

You're not logged in!

Compare scores with friends on all Sporcle quizzes.
OR
Log In

Show Comments

Extras

Top Quizzes Today


Score Distribution

Your Account Isn't Verified!

In order to create a playlist on Sporcle, you need to verify the email address you used during registration. Go to your Sporcle Settings to finish the process.

Report this User

Report this user for behavior that violates our Community Guidelines.

Details: